000 00607nam a2200205 4500
003 OSt
005 20250829062945.0
006 a
008 240610b |||||||| |||| 00| 0 eng d
020 _a9781133957539
040 _aDWCL-Main lib.
_cOC
082 _2International edition
_aCirc. 420.9 A394o 2014
100 _aAlgeo, J
245 _aThe Origins and development of the English language /
250 _aInternational edition
260 _aWadsworth ,USA:
_bCengage Learning
_cc2014.
300 _axv,
_b367 p. ;
_c24 cm.
700 _aJ Algeo
942 _2ddc
_n0
_cBK-CIRC
_eInternational edition
_kCirc.
999 _c454
_d454